Electricity / (Record no. 112413)
[ view plain ]
| 000 -LEADER | |
|---|---|
| fixed length control field | 00509nam a2200157 a 4500 |
| 005 - DATE AND TIME OF LATEST TRANSACTION | |
| control field | 20140414131935.0 |
| 008 - FIXED-LENGTH DATA ELEMENTS--GENERAL INFORMATION | |
| fixed length control field | 110119s19uu xx 00 eng d |
| 050 ## - LIBRARY OF CONGRESS CALL NUMBER | |
| Classification number | REF 537 |
| Item number | P22 2000 |
| 100 ## - MAIN ENTRY--PERSONAL NAME | |
| Personal name | Parker, Steve, 1952- |
| 245 ## - TITLE STATEMENT | |
| Title | Electricity / |
| Statement of responsibility, etc | written by Steve Parker. |
| 260 ## - PUBLICATION, DISTRIBUTION, ETC. (IMPRINT) | |
| Place of publication, distribution, etc | London ; New York : |
| Name of publisher, distributor, etc | Dorling Kindersley, |
| Date of publication, distribution, etc | c2000. |
| 520 ## - SUMMARY, ETC. | |
| Summary, etc | Discusses the properties of electricity and describes how it is made and used. |
| 650 ## - SUBJECT ADDED ENTRY--TOPICAL TERM | |
| Topical term or geographic name as entry element | Electricity. |
| 650 ## - SUBJECT ADDED ENTRY--TOPICAL TERM | |
| Topical term or geographic name as entry element | Electric power. |
| Withdrawn status | Lost status | Damaged status | Home library | Current library | Shelving location | Date acquired | Total Checkouts | Full call number | Barcode | Date last seen | Price effective from | Koha item type |
|---|---|---|---|---|---|---|---|---|---|---|---|---|
| Munich Library | Munich Library | Reference Section | 01/19/2011 | REF 537 P22 2000 | M3705 | 04/14/2014 | 04/14/2014 | Books |